Pruebas y evaluación psicológica: introducción a las pruebas y a la medición (Registro nro. 956)
[ vista simple ]
| 000 -Cabecera | |
|---|---|
| Campo de control de longitud fija | 00752aam a2200265 4500 |
| 005 - Fecha y hora de la última transacción | |
| Campo de control | 20231010151638.0 |
| 008 - Elementos de longitud fija--Información general | |
| Campo de control de longitud fija | 150309b xxu||||| |||| 00| 0 spa d |
| 041 ## - Idioma | |
| Código de idioma | |
| 082 ## - Clasificación Decimal Dewey | |
| Número de clasificación | 155.28 C678p |
| 100 ## - Entrada principal--Autor personal | |
| Nombre personal | Cohen, Ronald J. |
| 9 (RLIN) | 21826 |
| 100 ## - Entrada principal--Autor personal | |
| Nombre personal | Swerdlik, Mark |
| 9 (RLIN) | 21827 |
| 245 ## - Título propiamente dicho | |
| Título | Pruebas y evaluación psicológica: introducción a las pruebas y a la medición |
| 260 ## - Pie de imprenta | |
| Lugar de publicación, distribución, etc. | México |
| 260 ## - Pie de imprenta | |
| Nombre del editor, distribuidor, etc. | McGraw-Hill |
| 260 ## - Pie de imprenta | |
| Fecha de publicación, distribución, etc. | 2001 |
| 300 ## - Descripción física | |
| Extensión | 807 páginas |
| 650 ## - Materia general | |
| Temática (materia general) | PSICOLOGÍA |
| 650 ## - Materia general | |
| Temática (materia general) | TEST |
| 650 ## - Materia general | |
| Temática (materia general) | EVALUACIONES |
| 650 ## - Materia general | |
| Temática (materia general) | PRUEBAS |
| 650 ## - Materia general | |
| Temática (materia general) | MEDICIÓN PSICOLÓGICA |
| 650 ## - Materia general | |
| Temática (materia general) | EVALUACIÓN DE LA INTELIGENCIA |
| 650 ## - Materia general | |
| Temática (materia general) | EVALUACIÓN DE LA PERSONALIDAD |
| 942 ## - Punto de acceso adicional KOHA | |
| Tipo de ítem KOHA | Libro |
| Fuente del sistema de clasificación o colocación | Dewey Decimal Classification |
| Signatura completa | Código de barras | Tipo de ítem |
|---|---|---|
| 155.28 C678p | 8398 | Libro |